Guess the Fusion Rock Song Lyrics #180 - Statistics

General Stats
  • This quiz has been taken 14 times
  • The average score is 217 of 327
Answer Stats
Answer % Correct
you
100%
You
100%
I
91%
love
91%
No
91%
no
91%
the
91%
to
91%
for
82%
in
82%
it
82%
me
82%
Not
82%
time
82%
when
82%
and
73%
my
73%
Now
73%
only
73%
that
73%
was
73%
All
64%
all
64%
from
64%
got
64%
how
64%
How
64%
I've
64%
just
64%
need
64%
or
64%
feel
55%
heart
55%
It's
55%
known
55%
never
55%
nights
55%
since
55%
that's
55%
this
55%
with
55%
Carly Simon
45%
Cause
45%
cried
45%
haven't
45%
Haven't
45%
mind
45%
much
45%
myself
45%
pain
45%
room
45%
showed
45%
thing
45%
those
45%
Ah
36%
made
36%
sleep
36%
up
36%
world
36%
cost
27%
crazy
27%
down
27%
fill
27%
makes
27%
Thought
27%
alive
18%
light
18%
open
18%
past
18%
anymore
9%
drink
9%
leave
9%
melodrama
9%
noise
9%
Suffering
9%
survive
9%
Til
9%
turn
9%
weep
9%
white
9%
behind
0%
heaven
0%
Pouring
0%
No matching quizzes found
Score Distribution
Percent of People with Each Score
Percentile by Number Answered
Your Score History
You have not taken this quiz